000 01282nam0a2200349 4500
001 RU\NLR\bibl\2039060
005 20260319150328.0
010 _a978-5-88422-506-1
_950
021 _aRU
_b2013-34610
_92370
035 _a(NLR Aleph) 002026395
090 _a4529195
_c4529195
100 _a20130603d2013 u y0rusy50 ca
101 0 _arus
102 _aRU
105 _ay z|||000yy
200 1 _aСимулякры и симуляция
_dSimulacres et simulation
_fЖан Бодрийяр
_zfre
210 _aТула
_c[б.и.]
_d2013
215 _a203 с.
_d20
300 _aНа тит. л. вых. дан. ориг. изд.: Paris : Éditions Galilée, 1981
320 _aБиблиогр. в подстроч. примеч.
510 1 _6z45790
_aSimulacres et simulation
_zfre
606 1 _aПостмодернизм (филос.)
_yФранция
_92701570
_3RU\NLR\AUTH\6601767885
686 1 _aЮ3(4Фр)6-68
700 1 _4070
_7ca
_8rus
_aБодрийяр
_bЖ.
_f1929-2007
_gЖан
_9120510
_3RU\NLR\AUTH\7710745
790 1 _6z45510
_7ba
_8fre
_aBaudrillard
_bJ.
_f1929-2007
_gJean
_9126926
_3RU\NLR\AUTH\770126946
801 0 _aRU
_bNLR
_c20130603
_gRCR
801 1 _aRU
_bNLR
_c20130603
942 _cBOOK
980 _aNBR
980 _aNB